MAASAI MARA UNIVERSITY

LIBRARY CATALOGUE

Contact Us: +254 020 2685356/7 or 0774 057787

Box: 861-20500, NAROK, KENYA

Email: info@mmarau.ac.ke

Pharmacology for nursing care / (Record no. 22271)

MARC details
000 -LEADER
fixed length control field 01108nam a22003137a 4500
001 - CONTROL NUMBER
control field 710506
003 - CONTROL NUMBER IDENTIFIER
control field OSt
005 - DATE AND TIME OF LATEST TRANSACTION
control field 20211029025055.0
008 - FIXED-LENGTH DATA ELEMENTS--GENERAL INFORMATION
fixed length control field 170208b xxu||||| |||| 00| 0 eng d
010 ## - LIBRARY OF CONGRESS CONTROL NUMBER
LC control number 97039758
020 ## - INTERNATIONAL STANDARD BOOK NUMBER
International Standard Book Number 0721689973
040 ## - CATALOGING SOURCE
Original cataloging agency MMU
Transcribing agency MMU
Modifying agency MMU
Language of cataloging eng
050 00 - LIBRARY OF CONGRESS CALL NUMBER
Classification number RM301
Item number .L523 2001
100 1# - MAIN ENTRY--PERSONAL NAME
Personal name Lehne, Richard A.,
Dates associated with a name 1943-
245 10 - TITLE STATEMENT
Title Pharmacology for nursing care /
Statement of responsibility, etc. Richard A. Lehne ; in consultation with Linda A. Moore, Leanna J. Crosby, Diane B. Hamilton.
250 ## - EDITION STATEMENT
Edition statement 4th ed.
260 ## - PUBLICATION, DISTRIBUTION, ETC. (IMPRINT)
Place of publication, distribution, etc. Philadelphia :
Name of publisher, distributor, etc. Saunders,
Date of publication, distribution, etc. c1998.
300 ## - PHYSICAL DESCRIPTION
Extent xxx, 1283 p. :
Other physical details ill. ;
Dimensions 29 cm. +
Accompanying material 1 computer disk (3 1/2 in.)
500 ## - GENERAL NOTE
General note Includes index.
538 ## - SYSTEM DETAILS NOTE
System details note System requirements for computer disk: IBM PC; DOS; an ASCII C compiler; high-density floppy disk drive and hard disk.
650 #0 - SUBJECT ADDED ENTRY--TOPICAL TERM
Topical term or geographic name as entry element Pharmacology.
650 #0 - SUBJECT ADDED ENTRY--TOPICAL TERM
Topical term or geographic name as entry element Nursing.
650 12 - SUBJECT ADDED ENTRY--TOPICAL TERM
Topical term or geographic name as entry element Pharmacology
General subdivision nurses' instruction.
650 22 - SUBJECT ADDED ENTRY--TOPICAL TERM
Topical term or geographic name as entry element Drug Therapy
General subdivision nurses' instruction.
700 1# - ADDED ENTRY--PERSONAL NAME
Personal name Moore, Linda A.
700 1# - ADDED ENTRY--PERSONAL NAME
Personal name Crosby, Leanna J.
700 1# - ADDED ENTRY--PERSONAL NAME
Personal name Hamilton, Diane B.
Fuller form of name (Diane Bronkema)
942 ## - ADDED ENTRY ELEMENTS (KOHA)
Source of classification or shelving scheme Library of Congress Classification
Koha item type L
Holdings
Withdrawn status Lost status Source of classification or shelving scheme Damaged status Not for loan Home library Current library Date acquired Source of acquisition Total Checkouts Full call number Barcode Checked out Date last seen Date last checked out Price effective from Koha item type
    Library of Congress Classification     Maasai Mara University Library -Main Campus Maasai Mara University Library -Main Campus 02/08/2017 Donation -T4C 2 RM301 .L523 2001 17022393 01/29/2025 01/15/2025 01/15/2025 02/08/2017 L
© 2016 Maasai Mara University.